000
00245nam a2200109 a 4500
005
20140414131844.0
008
100524s19uu xx 00 eng d
050
_a
M 220.9
_b
MIS
245
_a
The missing boy.
999
_c
109872
_d
109872